| 000 | 00436nam a2200169Ia 4500 | ||
|---|---|---|---|
| 003 | OSt | ||
| 005 | 20260309101152.0 | ||
| 008 | 211028s2011 xx 000 0 und d | ||
| 040 | _cAIMIT LIBRARY | ||
| 041 | _aeng | ||
| 100 |
_aFaruk, Feryal Umarul; B L Srinivas. _g81712 _93372 |
||
| 110 |
_aSrinivas B L. _93373 |
||
| 245 | _aRecruitment portal / | ||
| 260 |
_aBangalore _c2011 |
||
| 710 |
_aMetric Stream _93374 |
||
| 942 |
_2ddc _cPRO |
||
| 999 |
_c217210 _d217210 |
||